000 00465nam a2200157Ia 4500
008 090123s9999 xx 000 0 und d
082 _b12969
_a891.463/खेर
245 _aदि प्रिन्सेस
250 _a2
260 _bकेसरी मुद्रणालय
_c1969
300 _a430
630 _aदि प्रिन्सेस
700 _aखेर भा.द.
730 _aदि प्रिन्सेस
942 _cBOOK
999 _c51032
_d51032